Mechanical system design : (Record no. 8899)
[ view plain ]
| 000 -LEADER | |
|---|---|
| fixed length control field | 00732nac a22002051u 4500 |
| 020 ## - INTERNATIONAL STANDARD BOOK NUMBER | |
| International Standard Book Number | 9788122421149 : |
| 082 ## - DEWEY DECIMAL CLASSIFICATION NUMBER | |
| Classification number | 620.7 |
| Item number | SID |
| 090 ## - LOCALLY ASSIGNED LC-TYPE CALL NUMBER (OCLC); LOCAL CALL NUMBER (OCLC) | |
| -- | 8899 |
| -- | 8899 |
| 100 ## - MAIN ENTRY--PERSONAL NAME | |
| Personal name | Siddiqui, K. U. |
| 245 ## - TITLE STATEMENT | |
| Title | Mechanical system design : |
| Statement of responsibility, etc | K. U. Siddiqui and Manoj Kumar Singh ; Edited by M. A. Faruqi |
| 260 ## - PUBLICATION, DISTRIBUTION, ETC. (IMPRINT) | |
| Place of publication, distribution, etc | New Delhi : |
| Name of publisher, distributor, etc | New age international (p) Limited,2007. |
| Date of publication, distribution, etc | c2007. |
| 500 ## - GENERAL NOTE | |
| General note | Distributer : Al Magmoa Al Elmeya |
| 504 ## - BIBLIOGRAPHY, ETC. NOTE | |
| Bibliography, etc | Includes bibliographical references and index. |
| 511 ## - PARTICIPANT OR PERFORMER NOTE | |
| Participant or performer note | Catalogued by: Sara |
| 650 ## - SUBJECT ADDED ENTRY--TOPICAL TERM | |
| Topical term or geographic name as entry element | Systems engineering. |
| 650 ## - SUBJECT ADDED ENTRY--TOPICAL TERM | |
| Topical term or geographic name as entry element | Engineering design. |
| 700 ## - ADDED ENTRY--PERSONAL NAME | |
| Personal name | Singh, Manoj Kumar |
| 700 ## - ADDED ENTRY--PERSONAL NAME | |
| Personal name | Faruqi, M. A. [ed.] |
| 942 ## - ADDED ENTRY ELEMENTS (KOHA) | |
| Item type | Book - Borrowing |
| Call number prefix | 620.7SID |
| Withdrawn status | Item status | Damaged status | Not for loan | Home library | Current library | Shelving location | Date acquired | Source of acquisition | Total Checkouts | Full call number | Barcode | Date last seen | Cost, replacement price | Koha item type |
|---|---|---|---|---|---|---|---|---|---|---|---|---|---|---|
| Central Library | Central Library | First floor | 30/03/2008 | Purchase | 620.7SID | 000010783 | 15/07/2025 | 120.00 | Book - Borrowing |